Die neue Verfassung der DDR / (Record no. 145749)

MARC details
000 -LEADER
campo de control de longitud fija 00465nam a2200145 i 4500
001 - NÚMERO DE CONTROL
campo de control 145749
003 - IDENTIFICADOR DE NÚMERO DE CONTROL
campo de control ES-MaACL
007 - CAMPO FIJO DE DESCRIPCIÓN FÍSICA--INFORMACIÓN GENERAL
campo de control de longitud fija t|
008 - DATOS DE LONGITUD FIJA--INFORMACIÓN GENERAL
campo de control de longitud fija 071016s1974 gw ||||1| ger d
245 00 - MENCIÓN DEL TÍTULO
Título Die neue Verfassung der DDR /
Mención de responsabilidad, etc. mit e. einleitenden Kommentar von Dietrich Müller-Römer.
260 ## - PUBLICACIÓN, DISTRIBUCIÓN, ETC.
Lugar de publicación, distribución, etc. Köln :
Nombre del editor, distribuidor, etc. Verlag Wissenschaft u. Politik,
Fecha de publicación, distribución, etc. [1974]
300 ## - DESCRIPCIÓN FÍSICA
Extensión 110 p. ;
Dimensiones 19 cm.
700 1# - ENTRADA AGREGADA--NOMBRE PERSONAL
Nombre de persona Müller-Römer, Dietrich.
9 (RLIN) 84151
852 ## - LOCALIZACIÓN
Ubicación ES-MaACL
Número de control de estantería E-7789
Sublocalización o colección R.92012
Holdings
Estatus retirado Estado de pérdida Estado de daño No para préstamo Biblioteca de origen Biblioteca actual Ubicación en estantería Fecha de adquisición Fuente de adquisición Total de préstamos Signatura topográfica completa Código de barras Visto por última vez Precio de reemplazo Tipo de ítem Koha
        Biblioteca del Ateneo de Madrid Biblioteca del Ateneo de Madrid Depósito 2 17/01/2008     E-7789 1152138 23/02/2023 23/02/2023 Libro impreso